Código penal de la República Argentina adenda de actualización. Ley 26.551. parte especial. Comentado y anotado. Delitos contra el honor. / TOMO I, artículo 79 a 133 :
Guardado en:
| Autor Principal: | |
|---|---|
| Formato: | Libro |
| Idioma: | Spanish |
| Publicado: |
Buenos Aires :
Fabián J. Di Plácido,
2012.
|
| Edición: | 1a. ed. |
| Materias: | |
| Etiquetas: |
Agregar Etiqueta
Sin Etiquetas, Sea el primero en etiquetar este registro!
|
| LEADER | 00630nam a22001575a 4500 | ||
|---|---|---|---|
| 001 | DER.der014988 | ||
| 008 | 240530s2012####ag#||||||||||||||#||spa|| | ||
| 005 | 20250701170240.0 | ||
| 245 | 1 | 0 | |a Código penal de la República Argentina adenda de actualización. Ley 26.551. |n TOMO I, |p artículo 79 a 133 : |b parte especial. Comentado y anotado. Delitos contra el honor. / |c José Ignacio Pazos Crocitto. |
| 250 | |a 1a. ed. | ||
| 260 | |a Buenos Aires : |b Fabián J. Di Plácido, |c 2012. | ||
| 300 | |a 197 p. | ||
| 020 | |a 9789871769124 | ||
| 100 | 1 | |a Pazos Crocitto, José Ignacio. | |
| 650 | 7 | |a DERECHO PENAL | |
| 859 | |a DERECHO |b BIB. DERECHO |h 345 |i PAZ |p 0010327 | ||
